Т. 2 : Методы проектирования эффективных конструкций оснований и фундаментов; Ускорение научно-технического прогресса в фундаментостроении

Dettagli Bibliografici
Parent link:Ускорение научно-технического прогресса в фундаментостроении: сборник научных трудов/ Научно-исследовательский институт оснований и подземных сооружений ; под ред. В. А. Ильичева. Т. 2 : Методы проектирования эффективных конструкций оснований и фундаментов.— , 1987-
Lingua:russo
Pubblicazione: 1987
Soggetti:
Natura: Libro
KOHA link:https://koha.lib.tpu.ru/cgi-bin/koha/opac-detail.pl?biblionumber=272951

MARC

LEADER 00000nam2a2200000 4500
001 272951
005 20231101234602.0
020 |a RU  |b 87-68551 
035 |a (RuTPU)RU\TPU\book\296160 
090 |a 272951 
100 |a 20141022d1987 k y0rusy5003 ca 
101 0 |a rus 
102 |a RU 
105 |a a z 000zy 
200 0 |a Т. 2 : Методы проектирования эффективных конструкций оснований и фундаментов 
210 |d 1987 
215 |a 278 с.  |c ил. 
461 1 |0 (RuTPU)RU\TPU\book\315221  |t Ускорение научно-технического прогресса в фундаментостроении  |o сборник научных трудов  |o в 2 т.  |f Научно-исследовательский институт оснований и подземных сооружений ; под ред. В. А. Ильичева  |v Т. 2 : Методы проектирования эффективных конструкций оснований и фундаментов  |d 1987- 
606 1 |a Основания  |x Устройство  |2 stltpush  |3 (RuTPU)RU\TPU\subj\47574  |9 66496 
610 1 |a фундаменты 
610 1 |a фундаментостроение 
610 1 |a конструкции 
610 1 |a проектирование 
610 1 |a научно-технический прогресс 
610 1 |a грунты 
610 1 |a строительство 
675 |a 624.15  |z rus  |v 3 
801 0 |a RU  |b RuMRKP  |c 19960705  |g psbo 
801 1 |a RU  |b 63413507  |c 20141022 
801 2 |a RU  |b 63413507  |c 20160411  |g RCR 
942 |c BK